Statistics for Countries that usually do not qualify to the final of Eurovision

Click here to take the quiz!

General Stats

  • This quiz has been taken 113 times
    (36 since last reset)
  • The average score is 16 of 20

Answer Stats

HintAnswer% Correct
0%Slovakia
94%
40%Czech Republic
91%
0%Andorra
88%
37%Slovenia
88%
47%Croatia
85%
32%Latvia
85%
11%Montenegro
85%
33%Belarus
82%
36%Bulgaria
82%
47%Georgia
82%
0%Monaco
82%
23%San Marino
82%
47%Portugal
79%
47%Belgium
76%
47%Estonia
76%
47%Netherlands
76%
42%Ireland
74%
47%Poland
74%
42%Switzerland
74%
38%North Macedonia
47%

Score Distribution

Percentile by Number Answered

Percent of People with Each Score

Your Score History

You have not taken this quiz since the last reset